000 00683 a2200205 4500
999 _c7369
_d7369
020 _a9781844801497
050 _aHD30.28 SEG 2010
100 _aSegal-Horn, Susan
_eauthor
245 _aUnderstanding global strategy /
_cSusan Segal-Horn and David Faulkner
264 _aAndover :
_bCengage Learning,
_cc2010
300 _axix, 504p. :
_bill.
500 _aIncludes bibliographical references and index
650 _aStrategic planning
650 _aGlobalization
650 _aOrganizational effectiveness
650 _aIndustrial management
650 _aInternational business enterprises
_xManagement
700 _aFaulkner, David
_eauthor
942 _2lcc
_cBK
_h30.28
_iSEG
_kHD